Les clubs des 5 grands championnats 2025-2026 - Statistiques

Statistiques générales
  • Ce quiz a été pris 12 288 fois
    2 872 depuis la dernière actualisation
  • Le résultat moyen est 57 sur 96
Statistiques - réponses
Championnat Club % Correct
Premier League Manchester City
94%
Premier League Manchester United
94%
Ligue 1 PSG
94%
Ligue 1 Marseille
92%
Premier League Arsenal
90%
Premier League Liverpool
90%
Ligue 1 Lyon
90%
Premier League Chelsea
87%
Ligue 1 Lille
87%
Liga Real Madrid
87%
Liga FC Barcelone
84%
Premier League Aston Villa
83%
Ligue 1 Monaco
83%
Ligue 1 Nantes
83%
Ligue 1 Rennes
82%
Liga Atletico Madrid
81%
Serie A Inter Milan
81%
Ligue 1 Lens
81%
Serie A Milan AC
81%
Ligue 1 Nice
81%
Ligue 1 Strasbourg
81%
Bundesliga Bayer Leverkusen
80%
Premier League Tottenham
79%
Bundesliga Borussia Dortmund
78%
Serie A Juventus Turin
78%
Ligue 1 Paris FC
77%
Ligue 1 Toulouse
77%
Ligue 1 Brest
76%
Ligue 1 Metz
73%
Ligue 1 Angers
72%
Bundesliga Bayern Munich
72%
Ligue 1 Lorient
72%
Liga FC Seville
71%
Serie A AS Rome
70%
Liga Athletic Bilbao
70%
Serie A Naples
70%
Ligue 1 Auxerre
69%
Premier League West Ham
69%
Ligue 1 Le Havre
66%
Premier League Newcastle
66%
Liga Real Betis
66%
Premier League Wolverhampton
66%
Serie A Lazio Rome
65%
Liga Valence
65%
Premier League Everton
64%
Premier League Brighton
63%
Premier League Crystal Palace
63%
Premier League Sunderland
62%
Liga Real Sociedad
61%
Liga Villarreal
61%
Premier League Leeds United
58%
Premier League Nottingham Forest
58%
Premier League Bournemouth
57%
Serie A Atalanta
55%
Premier League Brentford
54%
Serie A Côme
54%
Bundesliga RB Leipzig
54%
Premier League Burnley
53%
Serie A Fiorentina
53%
Liga Gérone
53%
Premier League Fulham
50%
Serie A Torino
49%
Bundesliga Eintracht Francfort
47%
Bundesliga Wolfsbourg
47%
Liga Espanyol Barcelone
45%
Liga Getafe
45%
Bundesliga Stuttgart
45%
Serie A Bologne
44%
Bundesliga Union Berlin
44%
Bundesliga Hambourg SV
43%
Liga Celta Vigo
42%
Liga Majorque
42%
Bundesliga Werder Breme
42%
Liga Rayo Vallecano
41%
Serie A Sassuolo
40%
Serie A Udinese
40%
Serie A Parme
38%
Liga Real Oviedo
38%
Bundesliga Cologne
37%
Serie A Genoa
37%
Liga Deportivo Alavès
36%
Liga Levante UD
35%
Bundesliga Monchengladbach
35%
Liga Osasuna
34%
Serie A Cagliari
33%
Bundesliga Fribourg
33%
Serie A Hellas Verone
33%
Bundesliga Mayence
33%
Bundesliga Hoffenheim
32%
Serie A Pisa SC
32%
Liga Elche
31%
Serie A Lecce
29%
Bundesliga Augsbourg
27%
Bundesliga St. Pauli
27%
Serie A US Cremonese
24%
Bundesliga Heidenheim 1846
21%
Aucun quiz correspondant
Distribution des résultats
% des personnes avec chaque résultat
Percentile par nombre de réponses
Votre historique - résultats
Vous n’avez pas pris ce quiz depuis la dernière actualisation